Elder suicide : research, theory, and treatment

Αποθηκεύτηκε σε:
Λεπτομέρειες βιβλιογραφικής εγγραφής
Κύριος συγγραφέας: McIntosh, John L.
Μορφή: Βιβλίο
Γλώσσα:English
Δημοσίευση: Washington, DC : American Psychological Association, c1994
Θέματα:
Ετικέτες: Προσθήκη ετικέτας
Δεν υπάρχουν, Καταχωρήστε ετικέτα πρώτοι!

MARC

LEADER 00000nam a2200000 i 4500
001 1/66502
008 990115s1994 eng d
020 |a 1-55798-242-2 
035 |l 10047316 
040 |a GR-MY-UA  |b gre  |e aacr 
041 0 |a eng 
082 0 |a 362.28084 
100 1 |a McIntosh, John L. 
245 1 0 |a Elder suicide :  |b research, theory, and treatment /  |c John L. McIntosh ... et. al. 
260 |a Washington, DC :   |b American Psychological Association,   |c c1994 
300 |a 260 p.  |b fig.; tabl. 
504 |a Includes bibliographical references and index 
650 0 0 |a Older people  |x Suicidal behavior. 
650 0 0 |a Older people  |x Suicidal behavior  |x Prevention. 
650 0 0 |a Older people  |x Psychology. 
852 |a INST  |b LESVOS  |e 19990115  |h 362.28084 ELD  |p 005100017045  |q 005100017045  |t BK  |y 0 
901 |a BIBL-1999-1 
909 |a Λ  |b 061573 
922 |a 1ΕΛΗ  |b 199812  |c ΚΠΣ/ΤΚ  |d ΠΑΠΑΣΩΤΗΡΙΟΥ 
950 |a 103-1998-07-27